[Event "31st TePe Sigeman & Co"]
[Site "Malmo SWE"]
[Date "2026.05.06"]
[Round "6"]
[White "Erdogmus, Yagiz Kaan"]
[Black "Abdusattorov, Nodirbek"]
[Result "1/2-1/2"]
[WhiteElo "2708"]
[BlackElo "2780"]
[EventDate "2026.05.01"]
[PlyCount "52"]

1.e4 c5 2.Nf3 d6 3.d4 cxd4 4.Nxd4 Nf6 5.Nc3 a6 6.Be2 e6 7.f4 Be7 8.Be3 e5 
9.fxe5 dxe5 10.Nf5 Qxd1+ 11.Rxd1 Bxf5 12.exf5 Bb4 13.Bd2 Nc6 14.a3 Bc5 15.
Bd3 e4 16.Nxe4 Nxe4 17.Bxe4 O-O-O 18.Bxc6 bxc6 19.Ke2 Rd5 20.g4 Re8+ 21.
Kf3 Red8 22.Ke2 Re5+ 23.Kf3 Red5 24.Ke2 Re8+ 25.Kf3 Red8 26.Ke2 Kd7 
1/2-1/2